000 00468ntaaa2200193 4500
003 01
005 20251027201532.0
008 0714s1973 ag 01
020 _a0311290108
040 _aAR-BaBN
_bspa
_cAR-BaBN
_eaacr
_dRIC
082 _a266.0100 W67b
100 _aWillis, Avery
_914003
245 _aLa base bĂ­blica de las misiones
250 _a1 ed.
260 _aEl Paso :
_bCBP,
_c1987
300 _a142 p ;
_cfts. ; 21 cm
650 _aMisiones
942 _cBK
999 _c9924
_d9924